España sagrada. (Record no. 174562)

MARC details
000 -LEADER
campo de control de longitud fija 01023nam a2200253 4500
001 - NÚMERO DE CONTROL
campo de control 174562
003 - IDENTIFICADOR DE NÚMERO DE CONTROL
campo de control ES-MaACL
005 - FECHA Y HORA DE LA ÚLTIMA TRANSACCIÓN
campo de control 20250709063229.0
008 - DATOS DE LONGITUD FIJA--INFORMACIÓN GENERAL
campo de control de longitud fija 100506s1804 sp p |||| | spa d
080 ## - NÚMERO DE LA CLASIFICACIÓN DECIMAL UNIVERSAL
Número de la Clasificación Decimal Universal 946.023.7".../04"
100 1# - ENTRADA PRINCIPAL--NOMBRE DE PERSONA
Nombre de persona Flórez, Enrique,
Fechas asociadas al nombre 1702-1773
9 (RLIN) 142679
240 10 - TÍTULO UNIFORME
Título uniforme España sagrada
245 10 - MENCIÓN DEL TÍTULO
Título España sagrada.
Número de parte o sección de la obra Tomo XXIV,
Nombre de parte o sección de la obra Antiguedades tarracconenses
Resto del título : preliminar á las memorias eclesiástica de la Santa iglesia de Tarragona /
Mención de responsabilidad, etc. por Henrique Florez.
250 ## - MENCION DE EDICION
Mención de edición Segunda impresion.
260 ## - PUBLICACIÓN, DISTRIBUCIÓN, ETC.
Lugar de publicación, distribución, etc. Madrid :
Nombre del editor, distribuidor, etc. en la imprenta de Don Josef Collado,
Fecha de publicación, distribución, etc. 1804.
300 ## - DESCRIPCIÓN FÍSICA
Extensión [8], 374 p. ;
Dimensiones 20 cm.
500 ## - NOTA GENERAL
Nota general Apéndices, p.344-355.
504 ## - NOTA DE BIBLIOGRAFÍA, ETC.
Nota de bibliografía, etc. Índice alfabético de cosas notables del tomo, índice de nombres e índice de siglas, notas o cifras.
546 ## - NOTA DE IDIOMA
Nota de lengua/lenguaje Textos en latín y griego, p. 348-355.
651 #7 - PUNTO DE ACCESO ADICIONAL DE MATERIA--NOMBRE GEOGRÁFICO
Nombre geográfico Tarragona (Provincia)-
Subdivisión general Historia
Fuente del encabezamiento o término
9 (RLIN) 153507
852 4# - LOCALIZACIÓN
Ubicación ES-MaACL
Número de control de estantería R-1617-69
Encuadernación C-16767-818
Holdings
Estatus retirado Estado de pérdida Estado de daño No para préstamo Colección Biblioteca de origen Biblioteca actual Ubicación en estantería Fecha de adquisición Fuente de adquisición Total de préstamos Signatura topográfica completa Código de barras Visto por última vez Precio de reemplazo Tipo de ítem Koha
        Libros del s. XIX Biblioteca del Ateneo de Madrid Biblioteca del Ateneo de Madrid Depósito 06/05/2010     R-1640 1183248 23/02/2023 23/02/2023 Libro impreso antiguo